Howzat?! (Record no. 75891)
[ view plain ]
| 000 -LEADER | |
|---|---|
| fixed length control field | 00982cab a2200169 4500 |
| 001 - CONTROL NUMBER | |
| control field | L130929 |
| 008 - FIXED-LENGTH DATA ELEMENTS--GENERAL INFORMATION | |
| fixed length control field | 050919n2005 000 0 eng u |
| 035 ## - SYSTEM CONTROL NUMBER | |
| System control number | (Sirsi) u130929 |
| 041 0# - LANGUAGE CODE | |
| Language code of text/sound track or separate title | eng |
| 100 ## - MAIN ENTRY--PERSONAL NAME | |
| Personal name | Wehner, Piers |
| 245 ## - TITLE STATEMENT | |
| Title | Howzat?! |
| 260 ## - PUBLICATION, DISTRIBUTION, ETC. | |
| Date of publication, distribution, etc. | 2005 |
| 490 ## - SERIES STATEMENT | |
| Series statement | Estates Gazette |
| Volume/sequential designation | (0536) 10 September 2005, 70-73(4) |
| 520 ## - SUMMARY, ETC. | |
| Summary, etc. | Reports on how Surrey County Cricket Club comprehensively redeveloped the Oval stadium to ensure the continued staging of international events there. Describes the parts played by Drivers Jonas' DJ Sports team and the property team from law firm Wedlake Bell's in securing a contractor willing to work on such a high-profile project to be completed within a very rigid timeframe. Taylor Woodrow rose to the challenge, delivering the new northern stand on time and on budget. |
| 690 ## - LOCAL SUBJECT ADDED ENTRY--TOPICAL TERM (OCLC, RLIN) | |
| Topical term or geographic name as entry element | PROPERTY-COMMERCIAL PROPERTY-LEISURE PROPERTY-SPORTS PROPERTY-STADIUM, ARENA AND SPORT COMPLEX PROPERTY-STADIA, ARENAS AND COMPLEXES |
| 942 ## - ADDED ENTRY ELEMENTS (KOHA) | |
| Suppress in OPAC | 0 |
| Withdrawn status | Lost status | Source of classification or shelving scheme | Damaged status | Not for loan | Home library | Current library | Shelving location | Date acquired | Total Checkouts | Full call number | Barcode | Date last seen | Copy number | Price effective from | Koha item type |
|---|---|---|---|---|---|---|---|---|---|---|---|---|---|---|---|
| Dewey Decimal Classification | London | London | Journal article | 19/09/2005 | L130929 | 130929-1001 | 06/08/2019 | 1 | 06/08/2019 | Journal article |